| 000 | 01202nam a2200337 c 4500 | ||
|---|---|---|---|
| 999 |
_c344378 _d344378 |
||
| 003 | BLK | ||
| 005 | 20191008130513.0 | ||
| 008 | 180911b bul|||||r ||||||| ||bul|| | ||
| 010 | _a004043 | ||
| 040 | _aBLK | ||
| 041 |
_aSER _cRUS |
||
| 080 | _z882-082801.323.2=82=861 | ||
| 100 | 1 |
_aКОШУТИЧ, Рад. _eпърви автор _9399697 |
|
| 245 | 0 | 0 |
_aПримери кньижевнога jезика руского _nТ. 1 _pТекстови |
| 250 | _aВторое изд | ||
| 260 |
_aБеоград _bСерб. гос. типогр. _c1911 |
||
| 300 | _c25 см | ||
| 380 | _a82 | ||
| 490 |
_aЧастна колекция - Академик Михаил Арнаудов _gДарение - Основен фонд |
||
| 505 | _tТекстовиРечникНапомена | ||
| 650 | 4 |
_aЕзикознание _9154355 |
|
| 650 |
_aЕзици _9396454 |
||
| 653 | _aлирика | ||
| 653 | _aпоемиепос | ||
| 653 | _aромани | ||
| 655 |
_aЛитературознание _9396446 |
||
| 700 | 1 |
_aРад. Кошутич _9399703 |
|
| 760 |
_h292 с. _oТ.1 _tТекстови |
||
| 852 | _aМА 3330 | ||
| 942 |
_cKNG _n0 _s1 |
||
| 944 |
_aCR _c1994 |
||
| 999 | _d344378 | ||